[Event "DEM U12 2011"]
[Site "Oberhof GER"]
[Date "2011.06.16"]
[Round "8"]
[White "Gheng, Christian"]
[Black "Hartmann, Jakob"]
[Result "0-1"]
[Termination "normal"]
[Board "17"]
[WhiteElo "1679"]
[BlackElo "1567"]
[PlyCount "64"]
[WhiteFideId "24660345"]
[BlackFideId "12918067"]
[EventCountry "GER"]
[EventRounds "11"]
[EventType "swiss"]
[EventDate "2011.06.11"]

1. e4 d5 2. exd5 Qxd5 3. Nc3 Qd6 4. d4 Nf6 5. Nf3 c6 6. Ne5 Bf5 7. g4 Bg6 8.
Nxg6 hxg6 9. Be3 Rxh2 10. Rxh2 Qxh2 11. Qf3 Qd6 12. O-O-O e6 13. Bf4 Qb4 14.
Bg2 Bd6 15. Be5 Bxe5 16. dxe5 Nd5 17. Ne4 Nd7 18. Nd6+ Kd8 19. c4 Nxe5 20.
Nxf7+ Nxf7 21. Qxf7 Qxc4+ 22. Kb1 Qxg4 23. Bf3 Qf5+ 24. Qxf5 gxf5 25. Rg1 Kc7
26. Rxg7+ Kb6 27. Bxd5 cxd5 28. Re7 Kc5 29. Rxe6 Kd4 30. Kc1 b5 31. Kd2 a5 32.
a3 Rc8 0-1

[Event "DEM U12 2011"]
[Site "Oberhof GER"]
[Date "2011.06.16"]
[Round "8"]
[White "Kreyssig, Bruno"]
[Black "Kitze, Alexander"]
[Result "1-0"]
[Termination "normal"]
[Board "18"]
[WhiteElo "1587"]
[BlackElo "1717"]
[PlyCount "90"]
[WhiteFideId "4692489"]
[BlackFideId "12914827"]
[EventCountry "GER"]
[EventRounds "11"]
[EventType "swiss"]
[EventDate "2011.06.11"]

1. Nf3 c5 2. c4 Nf6 3. g3 d5 4. cxd5 Nxd5 5. Nc3 Nc7 6. Bg2 Nc6 7. O-O e5 8. d3
Be7 9. a3 O-O 10. Qc2 Be6 11. Ne4 b6 12. b4 Nd4 13. Nxd4 cxd4 14. Bb2 Rc8 15.
Rac1 Nd5 16. Qb1 Qd7 17. Rxc8 Rxc8 18. Rc1 Bg4 19. Rxc8+ Qxc8 20. e3 dxe3 21.
Bxe5 exf2+ 22. Nxf2 Be6 23. Ne4 Ne3 24. Bf3 Qc2 25. Qxc2 Nxc2 26. Bb2 a5 27.
bxa5 bxa5 28. a4 Nb4 29. Ba3 Bb3 30. Nc3 Bc5+ 31. Kg2 Nxd3 32. Bxc5 Nxc5 33.
Bc6 Kf8 34. Kf3 Ke7 35. Kf4 Kd6 36. Bb5 Ne6+ 37. Ke4 Kc5 38. Ke5 Kb4 39. Nd5+
Bxd5 40. Kxd5 Nc5 41. Be8 f6 42. Kd6 g5 43. g4 Nxa4 44. Ke7 Nc3 45. Kxf6 a4 1-0

[Event "DEM U12 2011"]
[Site "Oberhof GER"]
[Date "2011.06.16"]
[Round "8"]
[White "Nguyen, Huy Dat"]
[Black "Kaplun, David"]
[Result "1-0"]
[Termination "normal"]
[Board "19"]
[WhiteElo "1537"]
[BlackElo "1758"]
[PlyCount "47"]
[WhiteFideId "12923486"]
[BlackFideId "12901954"]
[EventCountry "GER"]
[EventRounds "11"]
[EventType "swiss"]
[EventDate "2011.06.11"]

1. d4 d5 2. c4 e6 3. Nf3 Nf6 4. g3 c6 5. Bg2 dxc4 6. Ne5 Bb4+ 7. Bd2 Qxd4 8.
Bxb4 Qxe5 9. Bd6 Qxb2 10. Nd2 c3 11. Nc4 c2 12. Nxb2 cxd1=Q+ 13. Rxd1 Nd5 14.
Rd3 f6 15. O-O Kf7 16. Nc4 Nd7 17. f4 b6 18. e4 Ne7 19. Rfd1 a5 20. Bxe7 Kxe7
21. e5 b5 22. Bxc6 bxc4 23. Rxd7+ Bxd7 24. Rxd7+ 1-0

[Event "DEM U12 2011"]
[Site "Oberhof GER"]
[Date "2011.06.16"]
[Round "8"]
[White "Schackmann, Oliver"]
[Black "Köhn, Lennart"]
[Result "0-1"]
[Termination "normal"]
[Board "20"]
[WhiteElo "1829"]
[BlackElo "1554"]
[PlyCount "44"]
[WhiteFideId "12905267"]
[BlackFideId "12938041"]
[EventCountry "GER"]
[EventRounds "11"]
[EventType "swiss"]
[EventDate "2011.06.11"]

1. e4 c5 2. Nf3 d6 3. d3 g6 4. Nbd2 Bg7 5. g3 Nc6 6. Bg2 e5 7. O-O Nge7 8. Re1
O-O 9. Nf1 h6 10. c3 Be6 11. Ne3 Qd7 12. Qc2 Rac8 13. c4 f5 14. exf5 gxf5 15.
a3 f4 16. Nf1 Bh3 17. Rb1 fxg3 18. hxg3 Bxg2 19. Nxe5 Nxe5 20. Kxg2 Qf5 21. b4
Nxd3 22. Rxe7 Ne1+ 0-1

[Event "DEM U12 2011"]
[Site "Oberhof GER"]
[Date "2011.06.16"]
[Round "8"]
[White "Balazs, Balint"]
[Black "Niediek, Cedric"]
[Result "1-0"]
[Termination "normal"]
[Board "22"]
[WhiteElo "1587"]
[BlackElo "1641"]
[PlyCount "51"]
[WhiteFideId "12922757"]
[EventCountry "GER"]
[EventRounds "11"]
[EventType "swiss"]
[EventDate "2011.06.11"]

1. d4 d5 2. e3 Nf6 3. Bd3 c5 4. c3 Nc6 5. Nd2 e6 6. f4 cxd4 7. exd4 Bd6 8. Ndf3
O-O 9. Ne5 Bd7 10. Ngf3 Rc8 11. Nd2 a6 12. O-O h6 13. g4 Bxe5 14. fxe5 Ne8 15.
Nb3 Qb6 16. g5 hxg5 17. Qh5 g6 18. Bxg6 fxg6 19. Rxf8+ Kxf8 20. Qh8+ Kf7 21.
Bxg5 Ng7 22. Rf1+ Nf5 23. Qf6+ Ke8 24. Qxg6+ Kf8 25. Bh6+ Ke7 26. Qf6+ 1-0

[Event "DEM U12 2011"]
[Site "Oberhof GER"]
[Date "2011.06.16"]
[Round "8"]
[White "Kololli, Kevin"]
[Black "Spitzl, Vinzent"]
[Result "1-0"]
[Termination "normal"]
[Board "23"]
[WhiteElo "1596"]
[BlackElo "1701"]
[PlyCount "129"]
[WhiteFideId "12936863"]
[BlackFideId "12901253"]
[EventCountry "GER"]
[EventRounds "11"]
[EventType "swiss"]
[EventDate "2011.06.11"]

1. e4 e5 2. Nf3 Nc6 3. Bc4 Bc5 4. b4 Bxb4 5. c3 Ba5 6. d4 exd4 7. O-O Nge7 8.
cxd4 d5 9. exd5 Nxd5 10. Qb3 Nce7 11. Ba3 c6 12. Bxe7 Kxe7 13. Bxd5 Qxd5 14.
Qa3+ Kf6 15. Rc1 b6 16. Qe3 Bb7 17. Nbd2 Bxd2 18. Nxd2 Rhe8 19. Qf4+ Qf5 20.
Qh4+ g5 21. Qh6+ Qg6 22. Qh3 Re7 23. Qc3 Ke6 24. Re1+ Kd7 25. Rxe7+ Kxe7 26.
Re1+ Kd7 27. Nc4 Qf6 28. Qh3+ Kc7 29. Qxh7 Rh8 30. Qe4 Rd8 31. Rd1 c5 32. Qe5+
Qxe5 33. Nxe5 f6 34. Ng4 Rd6 35. Kf1 cxd4 36. f3 Ba6+ 37. Kf2 Bc4 38. a3 a5 39.
g3 Kd7 40. Nxf6+ Ke6 41. Ne4 Rd5 42. Ke1 b5 43. Rc1 d3 44. Kd2 Re5 45. a4 Rf5
46. Ke3 Rd5 47. Rc3 Ke5 48. axb5 Bxb5 49. Rc5 a4 50. Rxd5+ Kxd5 51. Nc3+ Kc5
52. Nxb5 Kxb5 53. Kxd3 a3 54. Kc3 Kc5 55. h4 gxh4 56. gxh4 Kd6 57. f4 Ke6 58.
Kb3 Kf5 59. h5 Kf6 60. Kxa3 Kg7 61. f5 Kg8 62. Kb4 Kf7 63. Kc5 Kf6 64. h6 Kf7
65. Kd6 1-0

[Event "DEM U12 2011"]
[Site "Oberhof GER"]
[Date "2011.06.16"]
[Round "8"]
[White "Krüger, David"]
[Black "Sadewasser, Lucie"]
[Result "1-0"]
[Termination "normal"]
[Board "24"]
[WhiteElo "1810"]
[BlackElo "1361"]
[PlyCount "77"]
[WhiteFideId "12921858"]
[BlackFideId "12905445"]
[EventCountry "GER"]
[EventRounds "11"]
[EventType "swiss"]
[EventDate "2011.06.11"]

1. d4 Nf6 2. c4 g6 3. g3 Bg7 4. Bg2 d6 5. Nf3 O-O 6. O-O c6 7. Nc3 Qa5 8. Qc2
Be6 9. b3 Na6 10. e4 Rab8 11. Bb2 Rfc8 12. Qd2 Qd8 13. Rad1 Bg4 14. h3 Bxf3 15.
Bxf3 Qd7 16. Kh2 Nc7 17. Qe3 h5 18. e5 Nh7 19. Rg1 Ne6 20. Bg2 dxe5 21. dxe5
Qe8 22. Qxa7 c5 23. Nd5 Kf8 24. Nb6 Rc7 25. Rd3 Rd8 26. Rgd1 Rxd3 27. Rxd3 Nd8
28. Qb8 Ne6 29. Qxe8+ Kxe8 30. Na8 Rc8 31. Bxb7 Rb8 32. Bc6+ Kf8 33. f4 Kg8 34.
Rd7 Bf8 35. Nc7 Nxc7 36. Rxc7 Rd8 37. Rd7 Rc8 38. Bb7 Rb8 39. a4 1-0

[Event "DEM U12 2011"]
[Site "Oberhof GER"]
[Date "2011.06.16"]
[Round "8"]
[White "Burg, Niclas"]
[Black "Diener, Carolin"]
[Result "1-0"]
[Termination "normal"]
[Board "25"]
[WhiteElo "1311"]
[BlackElo "1590"]
[PlyCount "101"]
[WhiteFideId "1271968"]
[BlackFideId "24699063"]
[EventCountry "GER"]
[EventRounds "11"]
[EventType "swiss"]
[EventDate "2011.06.11"]

1. e4 e5 2. Nf3 Nc6 3. Bb5 a6 4. Bxc6 dxc6 5. O-O Bd6 6. d4 exd4 7. Qxd4 f6 8.
Re1 c5 9. Qc3 Be6 10. e5 fxe5 11. Nxe5 Qe7 12. b3 O-O-O 13. Bb2 Nf6 14. Na3 c4
15. Nexc4 Bxa3 16. Bxa3 Qf7 17. Ne5 Qh5 18. Be7 Rde8 19. Bxf6 gxf6 20. Nc4 Qc5
21. Qxf6 Bxc4 22. Rxe8+ Rxe8 23. bxc4 Qxc4 24. Qf5+ Qe6 25. Qxe6+ Rxe6 26. Kf1
Kd7 27. f4 Kc6 28. Re1 Rf6 29. g3 Rf7 30. Re5 Kd6 31. Ke2 c5 32. Ke3 Kc6 33. g4
Kb5 34. f5 Kb4 35. a3+ Kxa3 36. Rxc5 Kb4 37. Kd4 Rd7+ 38. Rd5 Rc7 39. f6 b5 40.
h4 Rxc2 41. f7 Rc8 42. Ke5 a5 43. Kf6 a4 44. Kg7 Kc4 45. Rd1 Kb4 46. Kxh7 a3
47. g5 a2 48. g6 Ra8 49. g7 a1=Q 50. f8=Q+ Kb3 51. g8=Q+ 1-0

[Event "DEM U12 2011"]
[Site "Oberhof GER"]
[Date "2011.06.16"]
[Round "8"]
[White "Denkert, Anna"]
[Black "Scheinhütte, Jakob"]
[Result "0-1"]
[Termination "normal"]
[Board "26"]
[WhiteElo "1173"]
[BlackElo "1587"]
[PlyCount "92"]
[WhiteFideId "12938122"]
[BlackFideId "24693944"]
[EventCountry "GER"]
[EventRounds "11"]
[EventType "swiss"]
[EventDate "2011.06.11"]

1. e4 e6 2. d4 d5 3. Nc3 Bb4 4. e5 Ne7 5. Nf3 c5 6. a3 Bxc3+ 7. bxc3 Nbc6 8.
Bd2 Bd7 9. Be2 Nf5 10. Be3 O-O 11. O-O Rc8 12. Bd3 Kh8 13. Bxf5 exf5 14. Ng5 h6
15. Qh5 Be6 16. Nf3 Ne7 17. Bg5 Qd7 18. Qh4 Ng6 19. Qh5 cxd4 20. cxd4 Kg8 21.
Be3 f4 22. Bd2 Bg4 23. e6 Qxe6 24. Ng5 Qd7 25. Qxg6 fxg6 26. h3 hxg5 27. hxg4
Rxc2 28. Bb4 Re8 29. Rad1 Ree2 30. Rde1 Qxg4 31. Rxe2 Rxe2 32. Bd6 f3 33. Bg3
fxg2 34. Kxg2 Qxd4 35. a4 Qe4+ 36. Kg1 Re1 37. Rxe1 Qxe1+ 38. Kg2 Qe4+ 39. Kg1
Kh7 40. a5 Kh6 41. Kh2 d4 42. a6 bxa6 43. Kh3 d3 44. Kh2 d2 45. f3 Qxf3 46. Be1
d1=R 0-1

[Event "DEM U12 2011"]
[Site "Oberhof GER"]
[Date "2011.06.16"]
[Round "8"]
[White "Paulsen, Alexej"]
[Black "Müller, Sophie"]
[Result "1/2-1/2"]
[Termination "normal"]
[Board "27"]
[WhiteElo "1559"]
[BlackElo "1386"]
[PlyCount "47"]
[WhiteFideId "24662372"]
[BlackFideId "12926698"]
[EventCountry "GER"]
[EventRounds "11"]
[EventType "swiss"]
[EventDate "2011.06.11"]

1. e4 c6 2. d4 d5 3. Nc3 dxe4 4. Nxe4 Bf5 5. Ng3 Bg6 6. Bc4 e6 7. N1e2 h6 8.
Nf4 Bh7 9. O-O Nf6 10. Re1 Be7 11. Qe2 Nd5 12. Bxd5 cxd5 13. Nfh5 O-O 14. Be3
Nd7 15. Qd2 Bg5 16. f4 Be7 17. Ne2 Nf6 18. Nxf6+ Bxf6 19. Nc3 Rc8 20. a4 a6 21.
a5 Qc7 22. g4 Be7 23. Qf2 Bb4 24. Bd2 1/2-1/2

[Event "DEM U12 2011"]
[Site "Oberhof GER"]
[Date "2011.06.16"]
[Round "8"]
[White "Klodt, Daniel"]
[Black "Wiesner, Paula"]
[Result "1-0"]
[Termination "normal"]
[Board "28"]
[WhiteElo "1390"]
[BlackElo "1792"]
[PlyCount "103"]
[WhiteFideId "12938068"]
[BlackFideId "24654019"]
[EventCountry "GER"]
[EventRounds "11"]
[EventType "swiss"]
[EventDate "2011.06.11"]

1. e4 c5 2. Nf3 Nc6 3. d4 cxd4 4. Nxd4 Nf6 5. Nc3 e5 6. Ndb5 d6 7. Nd5 Nxd5 8.
exd5 Nb8 9. c4 a6 10. Nc3 Be7 11. Be2 O-O 12. O-O Bf5 13. a4 Nd7 14. Kh1 Bg5
15. f4 exf4 16. Bxf4 Bxf4 17. Rxf4 Bg6 18. a5 Ne5 19. b4 Qg5 20. g3 Rac8 21.
Na4 Rfe8 22. Nb6 Rc7 23. Rc1 Nd7 24. Nxd7 Rxd7 25. Qf1 Rde7 26. Bf3 Bh5 27.
Bxh5 Qxh5 28. Rh4 Qg5 29. Qf4 Re1+ 30. Rxe1 Rxe1+ 31. Kg2 Qxf4 32. Rxf4 Rc1 33.
Rd4 Kf8 34. Re4 Rc2+ 35. Kh3 Rb2 36. c5 Rd2 37. cxd6 Rxd5 38. Re7 Rxd6 39. Rxb7
Rd4 40. b5 axb5 41. a6 Ra4 42. a7 Ke8 43. Rb8+ Kd7 44. a8=Q Rxa8 45. Rxa8 Kc6
46. Rg8 b4 47. Rxg7 f5 48. Rf7 Kc5 49. Rxf5+ Kc4 50. Rf4+ Kc3 51. Rxb4 Kxb4 52.
Kh4 1-0

[Event "DEM U12 2011"]
[Site "Oberhof GER"]
[Date "2011.06.16"]
[Round "8"]
[White "Moses, Selina"]
[Black "Bruns, Kai-Christian"]
[Result "1-0"]
[Termination "normal"]
[Board "29"]
[WhiteElo "1704"]
[BlackElo "1645"]
[PlyCount "135"]
[WhiteFideId "12908070"]
[BlackFideId "12938025"]
[EventCountry "GER"]
[EventRounds "11"]
[EventType "swiss"]
[EventDate "2011.06.11"]

1. e4 c5 2. Nf3 Nc6 3. d4 cxd4 4. Nxd4 g6 5. Nc3 Bg7 6. Be3 Nf6 7. f3 O-O 8.
Bc4 Qb6 9. Bb3 Nxe4 10. Na4 Qa5+ 11. c3 Nf6 12. Nxc6 dxc6 13. Nc5 b6 14. Nd3
Ba6 15. Nb4 Rfd8 16. Qc2 Qe5 17. Nxa6 Qxe3+ 18. Qe2 Qxe2+ 19. Kxe2 Rd7 20. Rhd1
Rad8 21. Nb4 Rxd1 22. Rxd1 Rxd1 23. Kxd1 c5 24. Nc6 e6 25. Nxa7 Nd5 26. Bxd5
exd5 27. Nc8 d4 28. cxd4 Bxd4 29. Nxb6 Bxb2 30. Nc4 Bd4 31. Kd2 Kf8 32. Kd3 f5
33. a4 Ke7 34. a5 Kd7 35. g4 fxg4 36. fxg4 Bg1 37. h3 Bh2 38. Ke4 Ke6 39. a6
Bb8 40. Nb6 Kd6 41. Nc8+ Kc7 42. a7 Bxa7 43. Nxa7 Kb7 44. Nb5 Kc6 45. Nc3 Kd6
46. g5 Ke6 47. Nd5 c4 48. Nf6 h6 49. h4 h5 50. Kd4 Kf5 51. Kxc4 Kf4 52. Nxh5+
Kg4 53. Nf6+ Kxh4 54. Nh7 Kg4 55. Kd4 Kf4 56. Kd5 Kf5 57. Kd6 Kg4 58. Ke6 Kh4
59. Kf7 Kh5 60. Kf6 Kh4 61. Kxg6 Kh3 62. Kf6 Kh4 63. g6 Kh5 64. g7 Kh4 65. g8=Q
Kh3 66. Qg1 Kh4 67. Kf5 Kh3 68. Kf4 1-0

[Event "DEM U12 2011"]
[Site "Oberhof GER"]
[Date "2011.06.16"]
[Round "8"]
[White "Hoffmann, Christoph"]
[Black "Peter, Anton"]
[Result "1/2-1/2"]
[Termination "normal"]
[Board "30"]
[WhiteElo "1360"]
[BlackElo "1757"]
[PlyCount "58"]
[BlackFideId "12901660"]
[EventCountry "GER"]
[EventRounds "11"]
[EventType "swiss"]
[EventDate "2011.06.11"]

1. d4 d5 2. c4 c6 3. Nc3 Nf6 4. Nf3 Bf5 5. Bg5 e6 6. e3 Bd6 7. Be2 O-O 8. O-O
Nbd7 9. Nh4 Bg6 10. Nxg6 fxg6 11. e4 Be7 12. cxd5 cxd5 13. e5 Ne8 14. Bxe7 Qxe7
15. Qb3 Nb6 16. Rac1 Nc7 17. a4 Rab8 18. a5 Nba8 19. Na4 b6 20. axb6 Nxb6 21.
Nc5 Nc4 22. Qa4 Rxb2 23. Bxc4 dxc4 24. Qxc4 Nd5 25. Rb1 Rfxf2 26. Rxb2 Rxb2 27.
Qa6 h5 28. Qxe6+ Qxe6 29. Nxe6 Rb8 1/2-1/2

[Event "DEM U12 2011"]
[Site "Oberhof GER"]
[Date "2011.06.16"]
[Round "8"]
[White "Schulte, Felix"]
[Black "Rogozenco, Teodora"]
[Result "0-1"]
[Termination "time forfeit"]
[Board "31"]
[WhiteElo "1573"]
[BlackElo "1356"]
[PlyCount "144"]
[WhiteFideId "12914800"]
[BlackFideId "12938084"]
[EventCountry "GER"]
[EventRounds "11"]
[EventType "swiss"]
[EventDate "2011.06.11"]

1. e4 d5 2. exd5 Qxd5 3. Nc3 Qa5 4. d4 c6 5. Bd2 Qb6 6. Bc1 Bf5 7. Bc4 Nf6 8.
Nf3 e6 9. O-O Be7 10. Bb3 O-O 11. Be3 Nd5 12. Na4 Qc7 13. c4 Nxe3 14. fxe3 Nd7
15. Nc3 Nf6 16. Bc2 Ng4 17. Re1 Bh4 18. Re2 Bg5 19. e4 Be3+ 20. Kh1 Bg6 21. Qd3
Nf2+ 22. Rxf2 Bxf2 23. Qe2 Bxd4 24. Nxd4 Rfd8 25. Nf3 Rd7 26. Rd1 Rad8 27. Rxd7
Rxd7 28. Qe3 b6 29. g3 Bh5 30. Ne1 Qd6 31. Nd3 Qd4 32. Qxd4 Rxd4 33. b3 Bf3+
34. Kg1 Bxe4 35. Nxe4 Rxe4 36. Kf2 Rd4 37. Ke3 c5 38. Bd1 e5 39. Bf3 f6 40.
Bd5+ Kf8 41. Nf2 Ke7 42. a3 f5 43. Nd3 Kd6 44. b4 Rg4 45. bxc5+ bxc5 46. Kd2
$11 46... Rg6 47. Ke3 Rf6 48. Bg8 h6 49. Bd5 Rf8 50. Kd2 Rb8 51. Kc2 g5 52. h3
h5 53. Nf2 Rh8 54. Kd2 Re8 55. Bf7 Rh8 56. Bd5 g4 57. h4 Rf8 58. Ke1 Rb8 59.
Nd3 Rb3 60. Ke2 Rxa3 61. Bf7 Ra2+ 62. Kf1 Ra1+ 63. Kf2 Ra2+ 64. Kf1 Rc2 65. Bd5
a5 66. Ke1 a4 67. Kd1 Rc3 68. Kd2 Rb3 69. Kc2 e4 70. Nf4 Rxg3 71. Nxh5 Rh3 72.
Ng7 e3 0-1

[Event "DEM U12 2011"]
[Site "Oberhof GER"]
[Date "2011.06.16"]
[Round "8"]
[White "Sherif, Amina"]
[Black "Surguchov, Alexander"]
[Result "1/2-1/2"]
[Termination "normal"]
[Board "32"]
[WhiteElo "1345"]
[BlackElo "1545"]
[PlyCount "60"]
[WhiteFideId "12911690"]
[BlackFideId "1272035"]
[EventCountry "GER"]
[EventRounds "11"]
[EventType "swiss"]
[EventDate "2011.06.11"]

1. e4 e6 2. Nc3 d5 3. Nf3 Nf6 4. e5 Ne4 5. Bd3 Nc5 6. Bb5+ c6 7. Bf1 d4 8. Ne2
d3 9. Nc3 a5 10. b3 b6 11. Bb2 Ba6 12. a3 dxc2 13. Qxc2 Bxf1 14. Rxf1 Nd3+ 15.
Ke2 Nf4+ 16. Kd1 Nxg2 17. Qe4 Be7 18. Qg4 Nh4 19. Nxh4 Bxh4 20. Qxg7 Rf8 21.
Ne4 Qd3 22. Nd6+ Ke7 23. Re1 Qxb3+ 24. Kc1 Na6 25. Qh6 Bxf2 26. Qf6+ Kd7 27.
Qxf2 Nc5 28. Re3 Nd3+ 29. Rxd3 Qxd3 30. Qxb6 Rfb8 1/2-1/2

[Event "DEM U12 2011"]
[Site "Oberhof GER"]
[Date "2011.06.16"]
[Round "8"]
[White "Kempe, Anne"]
[Black "Weis, Olga"]
[Result "1/2-1/2"]
[Termination "normal"]
[Board "33"]
[WhiteElo "1538"]
[BlackElo "1541"]
[PlyCount "69"]
[WhiteFideId "12918083"]
[BlackFideId "1270234"]
[EventCountry "GER"]
[EventRounds "11"]
[EventType "swiss"]
[EventDate "2011.06.11"]

1. e4 d5 2. exd5 Qxd5 3. Nc3 Qd6 4. d4 Nf6 5. Nf3 Bg4 6. Be2 c6 7. O-O e6 8.
Re1 Be7 9. h3 Bh5 10. Ne5 Bxe2 11. Rxe2 Nbd7 12. Nxd7 Nxd7 13. Ne4 Qc7 14. c4
O-O 15. d5 cxd5 16. cxd5 exd5 17. Qxd5 Nf6 18. Qb3 Nxe4 19. Rxe4 Bd6 20. Rc4
Rfe8 21. Be3 Qe7 22. Rac1 Rab8 23. Bf4 Bxf4 24. Rxf4 Rbc8 25. Rfc4 Rxc4 26.
Qxc4 h6 27. Kf1 Qe5 28. Qc3 Qxc3 29. Rxc3 Kf8 30. Rc7 Re7 31. Rc8+ Re8 32.
Rxe8+ Kxe8 33. Ke2 Ke7 34. Kd3 Kd6 35. Ke4 1/2-1/2

[Event "DEM U12 2011"]
[Site "Oberhof GER"]
[Date "2011.06.16"]
[Round "8"]
[White "Trotzke, Johannes"]
[Black "Gschnitzer, Adrian"]
[Result "0-1"]
[Termination "normal"]
[Board "34"]
[WhiteElo "1491"]
[BlackElo "1590"]
[PlyCount "46"]
[WhiteFideId "12918105"]
[BlackFideId "1270337"]
[EventCountry "GER"]
[EventRounds "11"]
[EventType "swiss"]
[EventDate "2011.06.11"]

1. e4 e5 2. Nf3 Nc6 3. d4 exd4 4. Nxd4 Qf6 5. Nb5 Bc5 6. f4 Bb6 7. N1c3 a6 8.
Nd5 Qd8 9. Nxb6 Rb8 10. Nxc8 axb5 11. Nd6+ cxd6 12. Qxd6 Nge7 13. Bxb5 Qa5+ 14.
b4 Qxb5 15. Bd2 O-O 16. a4 Qc4 17. b5 Nd4 18. Kd1 Qxc2+ 19. Ke1 Qxe4+ 20. Kd1
Qe2+ 21. Kc1 Rbc8+ 22. Kb1 Qd3+ 23. Kb2 Qb3# 0-1

[Event "DEM U12 2011"]
[Site "Oberhof GER"]
[Date "2011.06.16"]
[Round "8"]
[White "Rausch, Adrian"]
[Black "Wallat, Jessica"]
[Result "1-0"]
[Termination "normal"]
[Board "35"]
[WhiteElo "1469"]
[BlackElo "1277"]
[PlyCount "93"]
[WhiteFideId "12929069"]
[BlackFideId "12909637"]
[EventCountry "GER"]
[EventRounds "11"]
[EventType "swiss"]
[EventDate "2011.06.11"]

1. d4 e6 2. c4 f5 3. g4 Ne7 4. gxf5 Nxf5 5. e4 Ne7 6. d5 d6 7. Bd3 g6 8. h4 h5
9. Bg5 Bg7 10. e5 Bxe5 11. Bxg6+ Kd7 12. Bf7 exd5 13. cxd5 Bxb2 14. Be6+ Ke8
15. Qf3 Bxe6 16. dxe6 Rh7 17. Qd3 Rg7 18. Qb5+ Nbc6 19. Qxb2 Rg8 20. Qc2 Rh8
21. f4 Qc8 22. Nc3 Qxe6+ 23. Qe4 Qxe4+ 24. Nxe4 Nf5 25. Kf2 Kd7 26. Re1 Nb4 27.
Rh3 Nxa2 28. Rb3 b6 29. Rb2 a5 30. Rxa2 c5 31. Rd1 Kc6 32. Rad2 Nd4 33. Bf6
Rhf8 34. Bxd4 cxd4 35. Nh3 d5 36. Neg5 Kd6 37. Rxd4 Rf5 38. Ne4+ Ke6 39. Ng3
Rff8 40. Rxd5 a4 41. Re5+ Kf7 42. Rd7+ Kg8 43. Rg5+ Kh8 44. Nf5 Rfc8 45. Rxh5+
Kg8 46. Rg7+ Kf8 47. Rh8# 1-0

[Event "DEM U12 2011"]
[Site "Oberhof GER"]
[Date "2011.06.16"]
[Round "8"]
[White "Allin, Katharina"]
[Black "Halas, Julia"]
[Result "1/2-1/2"]
[Termination "normal"]
[Board "36"]
[WhiteElo "1256"]
[BlackElo "1424"]
[PlyCount "60"]
[WhiteFideId "12903779"]
[BlackFideId "12931810"]
[EventCountry "GER"]
[EventRounds "11"]
[EventType "swiss"]
[EventDate "2011.06.11"]

1. e4 e5 2. Bc4 Nf6 3. d3 Nc6 4. Nf3 Bc5 5. c3 d6 6. Bb3 O-O 7. Bg5 h6 8. Bh4
Bg4 9. h3 Be6 10. Bc2 d5 11. Nbd2 Be7 12. g4 dxe4 13. dxe4 Nh7 14. Bg3 Bf6 15.
Qe2 Qe7 16. Bb3 Bxb3 17. Nxb3 Rfd8 18. Nbd2 Qe6 19. Qc4 Qxc4 20. Nxc4 Ng5 21.
Nxg5 hxg5 22. b4 a6 23. O-O Rd3 24. Rac1 b5 25. Nb2 Rd2 26. Rb1 Re2 27. Rfe1
Rc2 28. Rec1 Rd2 29. Rd1 Rad8 30. f3 Rxd1+ 1/2-1/2

[Event "DEM U12 2011"]
[Site "Oberhof GER"]
[Date "2011.06.16"]
[Round "8"]
[White "Lederer, Leia"]
[Black "Tiedemann, Fin Niklas"]
[Result "0-1"]
[Termination "normal"]
[Board "37"]
[WhiteElo "1252"]
[BlackElo "1525"]
[PlyCount "104"]
[WhiteFideId "12926353"]
[BlackFideId "12936936"]
[EventCountry "GER"]
[EventRounds "11"]
[EventType "swiss"]
[EventDate "2011.06.11"]

1. e4 e5 2. Nf3 Nc6 3. Bb5 f5 4. Bxc6 dxc6 5. Nxe5 Qd4 6. Nf3 Qxe4+ 7. Kf1 Be7
8. Nc3 Qe6 9. d4 Nf6 10. Bf4 Qc4+ 11. Kg1 O-O 12. Ne5 Qb4 13. Rb1 Bd6 14. a3
Qb6 15. Nc4 Qa6 16. Nxd6 cxd6 17. Bxd6 Rd8 18. Be5 c5 19. d5 Nxd5 20. Nxd5 Qe6
21. c4 Qxe5 22. Qh5 Re8 23. h3 Be6 24. Ne3 g6 25. Qg5 Qd4 26. Kh2 Bxc4 27. Nxc4
Qxc4 28. Rbc1 Qd4 29. Rhf1 Qxb2 30. Rxc5 Qxa3 31. Rc7 Qd6+ 32. Qg3 Qxg3+ 33.
Kxg3 b5 34. Rb1 Reb8 35. Kf4 a5 36. Kg5 a4 37. Kh6 b4 38. Rxh7 a3 39. Re1 Re8
40. Rd1 Rad8 41. Rc1 Rd4 42. g3 Rde4 43. Rb7 Re1 44. Rc6 R1e6 45. Rc2 R6e7 46.
Rxb4 Rg7 47. Ra4 g5 48. Rxa3 Re6+ 49. Kh5 Kh7 50. Rc6 Rxc6 51. Ra6 Rxa6 52. f4
Rh6# 0-1

[Event "DEM U12 2011"]
[Site "Oberhof GER"]
[Date "2011.06.16"]
[Round "8"]
[White "Semenova, Alisa"]
[Black "Blumenthal, Clemens"]
[Result "1/2-1/2"]
[Termination "normal"]
[Board "38"]
[WhiteElo "1163"]
[BlackElo "1494"]
[PlyCount "107"]
[WhiteFideId "1272132"]
[BlackFideId "12938050"]
[EventCountry "GER"]
[EventRounds "11"]
[EventType "swiss"]
[EventDate "2011.06.11"]

1. e4 e6 2. d4 d5 3. exd5 exd5 4. c4 Nf6 5. Nc3 Nc6 6. Nf3 Be7 7. Be2 Be6 8.
O-O dxc4 9. Bg5 Nd5 10. Bxe7 Qxe7 11. Re1 O-O 12. Bxc4 Qd7 13. Bb3 Rad8 14. Ba4
Bg4 15. h3 Bxf3 16. Qxf3 Nxd4 17. Qd3 Nc6 18. Rad1 Nb6 19. Qxd7 Rxd7 20. Rxd7
Nxd7 21. Bxc6 bxc6 22. Re7 Rd8 23. b4 Kf8 24. Re4 Rb8 25. Rc4 Ne5 26. Rc5 Nd3
27. Rxc6 Rxb4 28. Rxc7 Rb2 29. Nd5 g6 30. Rxa7 Rxf2 31. a4 Ra2 32. a5 Kg7 33.
a6 Nc5 34. Nc7 Kh6 35. Ra8 Na4 36. Rf8 Nc5 37. Rxf7 Nxa6 38. Nxa6 Rxa6 39. Kh2
g5 40. Rf3 Kh5 41. Rf7 h6 42. Rf3 Kh4 43. g4 Ra2+ 44. Kg1 Ra1+ 45. Kh2 Ra2+ 46.
Kg1 h5 47. gxh5 Kxh5 48. Rf2 Ra3 49. h4 Kxh4 50. Rh2+ Rh3 51. Kg2 Rxh2+ 52.
Kxh2 Kg4 53. Kg2 Kf4 54. Kf2 1/2-1/2

[Event "DEM U12 2011"]
[Site "Oberhof GER"]
[Date "2011.06.16"]
[Round "8"]
[White "Bugdahl, Felix"]
[Black "Silber, Stefanie"]
[Result "1-0"]
[Termination "normal"]
[Board "39"]
[WhiteElo "1350"]
[BlackElo "1095"]
[PlyCount "99"]
[WhiteFideId "12938092"]
[BlackFideId "12918245"]
[EventCountry "GER"]
[EventRounds "11"]
[EventType "swiss"]
[EventDate "2011.06.11"]

1. e4 c6 2. d4 d5 3. exd5 cxd5 4. c4 Nf6 5. Nc3 e6 6. Nf3 Bd6 7. Bg5 Nbd7 8.
cxd5 exd5 9. Nxd5 Qa5+ 10. Nc3 O-O 11. Qc2 Re8+ 12. Be2 Ne4 13. Bd2 Nxd2 14.
Nxd2 Bb4 15. Nc4 Qd5 16. O-O-O Qxg2 17. Bd3 g6 18. Ne3 Qf3 19. Be4 Qf4 20. Bd3
Nf6 21. Nb5 Re7 22. Kb1 a6 23. Nc3 Bh3 24. Ned5 Nxd5 25. Nxd5 Qd6 26. Nxe7+
Qxe7 27. a3 Ba5 28. b4 Bb6 29. Qc3 Rc8 30. Bc4 Be6 31. Rhe1 Rxc4 32. Qxc4 Bf5+
33. Kb2 Qh4 34. Re8+ Kg7 35. Qc3 Bd8 36. Qg3 Qf6 37. Qe5 Qxe5 38. dxe5 Bg5 39.
Kc3 Bf4 40. h4 h5 41. Rdd8 g5 42. Rd4 Bg6 43. Kc4 f6 44. Rd7+ Bf7+ 45. e6 Kg6
46. exf7 Kf5 47. hxg5 Bxg5 48. Rd5+ Kg4 49. f8=Q b5+ 50. Kc5 1-0